000 00670nam a22002417a 4500
003 UA-OsUOA
001 21297
007 ta
008 20031126b un ||||| |||| 00| 0 ukr d
090 _a311.3(477)
_bУ45
942 _cBK
040 _aUA-OsUOA
_bukr
_cUA-OsUOA
_dUA-OsUOA
245 _aУкраїна у цифрах 2002
_bКороткий статистичний довідник
_cРед. О.Г.Осауленко
300 _a272 с.
_bІлюстрації
955 _a0
041 _aukr
080 _a311.3(477)
020 _a966-8459-00-8
260 _aКиїв
_bКонсультант
_c2003
044 _aUA
650 7 _2UDC
999 _c307491
_d307491